00897nam a22002537a 450000500170000001000150001702000270003203500140005903700090007308200150008210000280009724500810012525000060020626000460021227000440025830000300030270000260033270000250035870000280038370000260041194200290043799900190046695201580048520250210121959.0 aENG-143745 a9788181716231c6530.00 aEN-127277 bDBAD a577.680954 aBanerjee, Dhriti977452 aFanual Diverity of 75 Ramsar Wetland of India/cby Dhriti Banerjee...[et.al] a2 aKolkatabZoological Survey of Indiac2023 aM- Block, New Alipore,bKolkatae700053 axii,581p.c30cm(hb)bill. aBharti, Daizy 977453 aSantosh Kumar977454 aAmitava Majumder977455 aC. Raghunathan977456 2ddccENh577.680954mBAN c208961d208961 001040718REFaLbLd2025-02-10eDelivery of Books Act Divisiong6530.00l0o577.680954 BANpEN-127277r2025-02-10 00:00:00t1v6530.00w2025-02-10yEN